| 000 | 00923nam a2200289Ia 4500 | ||
|---|---|---|---|
| 001 | Z_3447 | ||
| 003 | CHAP | ||
| 008 | 220113s2000 xx 000 0 und d | ||
| 010 | _a166568 | ||
| 040 | _cCHAP | ||
| 090 | _aTesis A 1493 | ||
| 100 |
_aAlbarrán de la Llave, Antonio Eduardo _93444 |
||
| 245 |
_aEvaluación de la operación del programa establecimiento de praderas en el estado de Hidalgo durante 1999 / _c Antonio Eduardo Albarrán de la Llave |
||
| 260 |
_aChapingo, Méx. : _bEl autor, _c2000 |
||
| 300 | _a50 h. ; cuad. | ||
| 502 | _aTesis (Ing. Agr. Esp. en Zootecnia) -- UACH. Departamento de Zootecnia | ||
| 650 |
_aForrajes _xProducción _942589 |
||
| 650 |
_aPraderas _xHidalgo _991242 |
||
| 650 |
_aPraderas _xInvestigación _991243 |
||
| 650 |
_aRumiantes _xAlimentación _9100841 |
||
| 901 | _aTESIS A 1493 | ||
| 902 | _aM | ||
| 910 | _a2000 | ||
| 942 | _c2 | ||
| 942 | _c2 | ||
| 999 |
_c166568 _d166568 |
||